Landes - mort subite - Statistiques

Statistiques générales
  • Ce quiz a été pris 98 fois
  • Le résultat moyen est 10 sur 18
Answers on the Grid
Answers color-coded by a green-red scale on the quiz's grid according to % correct below.
Mont-de-Marsan
Anvers
Paris
La plage la plus longue d'Europe
Hagetmau
Lucerne
Une banlieue de Bayonne
Coleraine
Le lieu de naissance de François Mitterrand
Abeokuta
Roquefort
Du territoire de la province de Guyenne
Tuzla
Soorts-Hossegor
Biscarosse
Érd
Domaine Armand Rousseau
Tilh
Libreville
Lubango
Capbreton
Centre d'Essais des Matériels Aéronautiques
Anthy-sur-Léman
Oeyreluy
Pissos
Selangor
Ychoux
Des pics mars
Tivat
Rivière-Saas-et-Gourby
Orx
Libramont-Chevigny
Ouémé
Tarnos
Dax
Lion-sur-Mer
 
Statistiques - réponses
Réponse % Correct
Mont-de-Marsan
94%
Dax
80%
Biscarosse
76%
Ville de surf Capbreton
73%
Ville de surf Soorts-Hossegor
69%
Tarnos
69%
Hagetmau
65%
Pissos
57%
Ychoux
55%
Côte d'Argent La plage la plus longue d'Europe
53%
Roquefort
45%
Base aérienne 118 Mont-de-Marsan Centre d'Essais des Matériels Aéronautiques
41%
Oeyreluy
41%
Tarnos Une banlieue de Bayonne
37%
Orx
33%
Du territoire de la province de Guyenne
31%
Rivière-Saas-et-Gourby
29%
Tilh
29%
Aucun quiz correspondant
Distribution des résultats
% des personnes avec chaque résultat
Percentile par nombre de réponses
Votre historique - résultats
Vous n’avez pas pris ce quiz